Tunnista biisi emojeista - Statistics

Yleistilastot
  • Tätä visaa on pelattu 657 kertaa
    640 viimeisimmän päivityksen jälkeen
  • Keskiarvotulos 7 / 18
Vastaustilastot
Kuvavisa Vastaus % Oikein
Yö - Joutsenlaulu
94%
Arttu Wiskari - Suomen muotoisen pilven alla
68%
Juha Tapio - Kaksi puuta
65%
JVG - Ikuinen vappu
63%
Robin - Puuttuva palanen
54%
Pate Mustajärvi - Ukkometso
52%
Haloo Helsinki! - Maailman toisella puolen
49%
Yö - Rakkaus on lumivalkoinen
43%
Antti Tuisku - Keinutaan
39%
Haloo Helsinki! - Kuussa tuulee
35%
J. Karjalainen - Sankarit
34%
Lauri Tähkä - Palavaa vettä
34%
Costi - Maailman ympäri
33%
Katri Helena - Katson sineen taivaan
26%
PMMP - PIkkuveli
16%
Reino Nordin - Kato mua silmiin
7%
Juha Tapio - Tykkään susta niin että halkeen
3%
Kari Tapio - Viisitoista kesää
3%
Ehtoja vastaavia visoja ei löytynyt
Tulosjakauma
Jokaisen tuloksen saaneiden osuus
Persentiili vastausten määrän mukaan
Tuloshistoriasi
Et ole pelannut tätä visaa sen viimeisimmän päivityksen jälkeen